Power Electronics (Record no. 16133)
[ view plain ]
| 000 -LEADER | |
|---|---|
| fixed length control field | 00210nam a2200097Ia 4500 |
| 008 - FIXED-LENGTH DATA ELEMENTS--GENERAL INFORMATION | |
| fixed length control field | 170619s9999 xx 000 0 und d |
| 100 ## - MAIN ENTRY--PERSONAL NAME | |
| Personal name | Singh |
| 245 #0 - TITLE STATEMENT | |
| Title | Power Electronics |
| 260 ## - PUBLICATION, DISTRIBUTION, ETC. | |
| Name of publisher, distributor, etc. | New Delhi:TMH |
| 260 ## - PUBLICATION, DISTRIBUTION, ETC. | |
| Date of publication, distribution, etc. | 2000 |
| 546 ## - LANGUAGE NOTE | |
| Language note | ENGLISH |
| Withdrawn status | Lost status | Source of classification or shelving scheme | Damaged status | Not for loan | Home library | Current library | Date acquired | Source of acquisition | Barcode | Date last seen | Uniform Resource Identifier | Price effective from | Koha item type | Public note |
|---|---|---|---|---|---|---|---|---|---|---|---|---|---|---|
| IIMT Engineering College-BTech | IIMT Engineering College-BTech | 05/22/2001 | 1 | 06-B-513 | 07/03/2017 | EC / EN | 07/03/2017 | Text-Book- for 7 days | ||||||
| IIMT Engineering College-BTech | IIMT Engineering College-BTech | 05/22/2001 | 1 | 06-B-514 | 07/03/2017 | EC / EN | 07/03/2017 | Text-Book- for 7 days | ||||||
| IIMT Engineering College-BTech | IIMT Engineering College-BTech | 05/22/2001 | 1 | 06-B-515 | 07/03/2017 | EC / EN | 07/03/2017 | Text-Book- for 7 days | cm po | |||||
| IIMT Engineering College-BTech | IIMT Engineering College-BTech | 05/22/2001 | 1 | 06-B-516 | 07/03/2017 | EC / EN | 07/03/2017 | Text-Book- for 7 days |

